<?xml version="1.0" encoding="UTF-8"?>
<record
    xmlns:xsi="http://www.w3.org/2001/XMLSchema-instance"
    xsi:schemaLocation="http://www.loc.gov/MARC21/slim http://www.loc.gov/standards/marcxml/schema/MARC21slim.xsd"
    xmlns="http://www.loc.gov/MARC21/slim">

  <leader>00891nam a22002417a 4500</leader>
  <controlfield tag="003">OSt</controlfield>
  <controlfield tag="005">20260530113918.0</controlfield>
  <controlfield tag="008">260508b        |||a|||| |||| 00| 0 eng d</controlfield>
  <datafield tag="040" ind1=" " ind2=" ">
    <subfield code="a">ICI</subfield>
    <subfield code="b">spa</subfield>
    <subfield code="c">ICI</subfield>
  </datafield>
  <datafield tag="050" ind1=" " ind2=" ">
    <subfield code="a">BF408</subfield>
    <subfield code="b">.U74 2019</subfield>
  </datafield>
  <datafield tag="100" ind1="1" ind2=" ">
    <subfield code="a">Ure&#xF1;a Ballado, Mar&#xED;a,</subfield>
    <subfield code="e">autora.</subfield>
    <subfield code="9">34301</subfield>
  </datafield>
  <datafield tag="245" ind1="1" ind2="0">
    <subfield code="a">Neurodesign :</subfield>
    <subfield code="b">a book to create whatever you want /</subfield>
    <subfield code="c">Mar&#xED;a Ure&#xF1;a Ballado.</subfield>
  </datafield>
  <datafield tag="300" ind1=" " ind2=" ">
    <subfield code="a">46 p&#xE1;ginas :</subfield>
    <subfield code="b">ilustraciones ;</subfield>
  </datafield>
  <datafield tag="500" ind1=" " ind2=" ">
    <subfield code="a">Obra sobre la aplicaci&#xF3;n de principios de neurociencia al proceso creativo del dise&#xF1;o.</subfield>
  </datafield>
  <datafield tag="504" ind1=" " ind2=" ">
    <subfield code="a">Incluye referencias bibliogr&#xE1;ficas.</subfield>
  </datafield>
  <datafield tag="650" ind1=" " ind2="0">
    <subfield code="a">Neurodise&#xF1;o.</subfield>
    <subfield code="9">34302</subfield>
  </datafield>
  <datafield tag="650" ind1=" " ind2="0">
    <subfield code="a">Creatividad</subfield>
    <subfield code="x">Aspectos psicol&#xF3;gicos.</subfield>
    <subfield code="9">34303</subfield>
  </datafield>
  <datafield tag="650" ind1=" " ind2="0">
    <subfield code="a">Dise&#xF1;o</subfield>
    <subfield code="x">Procesos cognitivos.</subfield>
    <subfield code="9">34304</subfield>
  </datafield>
  <datafield tag="650" ind1=" " ind2="0">
    <subfield code="a">Neurociencia aplicada al dise&#xF1;o.</subfield>
    <subfield code="9">34305</subfield>
  </datafield>
  <datafield tag="650" ind1=" " ind2="0">
    <subfield code="a">Innovaci&#xF3;n creativa.</subfield>
    <subfield code="9">34306</subfield>
  </datafield>
  <datafield tag="650" ind1=" " ind2="0">
    <subfield code="a">Pensamiento visual.</subfield>
    <subfield code="9">34307</subfield>
  </datafield>
  <datafield tag="942" ind1=" " ind2=" ">
    <subfield code="2">lcc</subfield>
    <subfield code="c">BK</subfield>
    <subfield code="n">1</subfield>
  </datafield>
  <datafield tag="999" ind1=" " ind2=" ">
    <subfield code="c">12347</subfield>
    <subfield code="d">12347</subfield>
  </datafield>
</record>
